| 000 | 01017nam0a22002531 4500 | ||
|---|---|---|---|
| 001 | rc\162162 | ||
| 005 | 20250620213609.0 | ||
| 035 | _a(NLR Aleph) 005427240 | ||
| 090 |
_a7539129 _c7539129 |
||
| 100 | _a20030307d1993 |||y0rusy50 ca | ||
| 101 | 0 | _arus | |
| 102 | _aRU | ||
| 105 | _ay ||||||||| | ||
| 200 | 1 |
_aИсследование следов спермы методом генотипоскопии _fТ.В. Стегнова, И.О. Перепечина, М.Г. Пименов, Е.Ю. Сыроквашева |
|
| 210 |
_aМ. _cЭКЦ МВД РФ _d1993 (1994) |
||
| 215 |
_a22, [2] с. _d22 |
||
| 225 | 1 |
_aМетодические рекомендации _fМ-во внутр. дел Рос. Федерации. Эксперт.-криминалист. центр |
|
| 320 | _aБиблиогр.: с. 23 (19 назв.) | ||
| 701 | 1 |
_aСтегнова _bТ.В. _gТамара Васильевна |
|
| 801 | 0 |
_aRU _bNLR _gpsbo |
|
| 801 | 1 |
_aRU _bELAR _2rusmarc |
|
| 852 |
_aNLR _j94-6/773 |
||
| 942 | _cBOOK | ||
| 980 | _aNB | ||